| 000 | 00000nam 2200000zi 4500 |
| 001 | 9.954228 |
| 003 | CaOODSP |
| 005 | 20250822101801 |
| 006 | m o d f |
| 007 | cr cn |||||||| |
| 008 | 250818s2024 onca o f000 0 eng d |
| 040 | |aCaOODSP|beng|erda|cCaOODSP |
| 043 | |an-cn--- |
| 086 | 1 |aT35-2/4-2-2024E-PDF |
| 245 | 00|aKey facts about the Ship Fund. |
| 264 | 1|aOttawa, ON, Canada : |bShip and Rail Compensation Canada, Ship Fund, |c[2024] |
| 300 | |a1 online resource (8 unnumbered pages) : |billustrations |
| 336 | |atext|btxt|2rdacontent |
| 337 | |acomputer|bc|2rdamedia |
| 338 | |aonline resource|bcr|2rdacarrier |
| 500 | |aIssued also in French under title: Faits saillants sur le Fonds navire. |
| 500 | |aCaption title. |
| 610 | 20|aShip and Rail Compensation Canada. |bShip Fund. |
| 650 | 0|aLiability for oil pollution damages|zCanada. |
| 650 | 0|aOil spills|xClaims|zCanada. |
| 650 | 0|aCompensation (Law)|zCanada. |
| 710 | 2 |aShip and Rail Compensation Canada. |bShip Fund, |eissuing body. |
| 775 | 08|tFaits saillants sur le Fonds navire.|w(CaOODSP)9.954227 |
| 856 | 40|qPDF|s1.51 MB|uhttps://publications.gc.ca/collections/collection_2025/tc/T35-2-4-2-2024-eng.pdf |